LEADER 01341nam a2200265 i 4500 001 000000067717 003 CaOOAMICUS 005 20100604000000.0 008 100604s1962 fr u000 u fre u 013 $a38889 040 $aSeMil$bita 100 1 $aLaurendeau, Monique.$0(OLS)http://semarc/name/33857 245 13$aLa pensée causale :$bétude génétique et expérimentale /$cpar Monique Laurendeau et Adrien Pinard ; préface de Jean Piaget. 260 $aParis :$bPresses Universitaires de France,$c1962. 300 $a225 p. ;$c23 cm. 490 0 $aBibliothèque scientifique internationale. Section psychologie 650 4$aSviluppo cognitivo.$0(OLS)http://semarc/subject/6209 650 4$aPsicologia infantile - Teoria della causalità.$0(OLS)http://semarc/subject/13271 700 1 $aPiaget, Jean,$d<1896-1980>.$0(OLS)http://semarc/name/1535 700 1 $aPinard, Adrien.$0(OLS)http://semarc/name/33858 830 0$aBibliothèque scientifique internationale. Section psychologie.$0(OLS)http://semarc/title/21046 850 $aSeMil 852 $aSeMil$W1$xVenegono$y1$m2O I 267$j33870$B33870$CSeMilBibl$Z2$F33873 $81 996 $6245$aLa pensée causale :$bétude génétique et expérimentale$9(OLS)http://semarc/title/107941 996 $6260$aParis :$bPresses Universitaires de France$9(OLS)http://semarc/publisher/30047 LEADER 01137nam a2200265 i 4500 001 000000110719 003 CaOOAMICUS 005 20021211000000.0 008 021211s1988 it u000 u ita u 013 $a83400 020 $a88-387-9281-X 040 $aSeMil$bita 245 10$aMilano ore sette :$bcome vivono i milanesi /$cGuido Martinotti ... [et al.]. 260 $a[Italia] :$bMaggioli,$ccopyr. 1988. 300 $a368 p. :$bill. ;$c24 cm. 500 $aIn test al front. : Comune di Milano, Settore Decentramento. - Fondo Card. C.M. Martini. 650 4$aMilano - Condizioni economiche e sociali - Inchieste.$0(OLS)http://semarc/subject/19718 700 1 $aMartinotti, Guido <1938-2012>.$0(OLS)http://semarc/name/21219 850 $aSeMil 852 $aSeMil$W1$xVenegono$y1$m3O IV 13$j66582$B66582$CSeMilBibl$Z2$F89033 $81 941 1 $a4 961 $aOmaggio: Martini Card. Carlo Maria 996 $6020$a88-387-9281-X$9(OLS)http://semarc/number/92615 996 $6245$aMilano ore sette :$bcome vivono i milanesi$9(OLS)http://semarc/title/160971 996 $6260$a[Italia] :$bMaggioli$9(OLS)http://semarc/publisher/45115